| 000 | 01098cam a22003018i 4500 | ||
|---|---|---|---|
| 001 | 18203961 | ||
| 003 | OSt | ||
| 005 | 20161026150635.0 | ||
| 008 | 140627s2015 cau 000 0 eng | ||
| 010 | _a 2014024362 | ||
| 020 | _a9781483346120 (pbk.) | ||
| 040 |
_aDLC _beng _erda _cDLC |
||
| 042 | _apcc | ||
| 049 | _aAlfaisal Main Library | ||
| 050 | 0 | 0 |
_aHD66 _b.W485 2015 |
| 082 | 0 | 0 |
_a658.4/022 _223 |
| 100 | 1 | _aWheelan, Susan A. | |
| 245 | 1 | 0 |
_aCreating effective teams : _ba guide for members and leaders / _cSusan A. Wheelan, G.D.Q. Associates, Inc. |
| 250 | _aFifth Edition. | ||
| 260 | _cc2015 | ||
| 263 | _a1411 | ||
| 300 | _apages cm | ||
| 505 | 0 | _aWhy groups? -- Effective organizational support for teams -- From groups to teams : the stages of group development -- Effective team members -- Effective team leadership -- Navigating stage 1 -- Surviving stage 2 -- Reorganizing at stage 3 -- Sustaining high performance -- Virtual teams -- Recent research. | |
| 650 | 0 | _aTeams in the workplace. | |
| 655 | 7 |
_aPrint books. _2local |
|
| 942 |
_2lcc _cBOOKS |
||
| 264 | _cc2015 | ||
| 999 |
_c6816 _d6816 |
||